01139nam a2200289Ia 450000500170000000800410001702000430005802000430010102000270014402000270017104000530019804100080025110000230025924501200028224600430040225000100044526000490045530000450050450000220054950500470057150500870061865000140070565000270071970000200074670000420076676500410080820211105120611.0130821s2010 at ad fr 1 spa d a9789706868374 Volumen 1 (7a edición) a9789706868220 Volumen 2 (7a edición) a9789706864253 (6a.Ed.) a9789701035818 (5a.Ed.) aCO-BoUCMbspacSaul Niño (Modificó)d[Nuevo]1 aspa1 aSerway, Raymond A.10aFísica bpara ciencias e ingenieríacRaymond A. Serway, John W. Jewett ; traducción: Víctor campos Olguín13aFísica para ciencias e ingenierías a7a ed aSídney (Australia)bCengage Learningc2010 a2 volúmenesbilustraciones, gráficas aIncluye índices gV.1tFísica para ciencias e ingeniería rIncluye índicesgV.2tFísica para ciencias e ingeniería con física moderna 7aFísica 07aFísica xEnseñanza1 aJewett, John W.1 aCampos Olguín, Víctor etraductor1 tPhysics for scientists and engineers